000 00718nam a22002297a 4500
999 _c10624
_d10624
003 AR-CdUCM
008 190401b ||||| |||| 00| 0 spa d
040 _aMUNICIPALIDAD PROVINCIAL DEL CUSCO
_cBIBLIOTECA MUNICIPAL DEL CUSCO
082 _a869.04 /
_bN37 L / 1967
100 _aNeira Gonzales, Max
_927588
245 _aJornada poética /
260 _aArequipa :
_bEdi. Miranda,
_c1967.
300 _a12 paginas ;
_bIlustraciones,
_c26 cm.
505 _aContenido : Poemas, Ensayos
650 _aPoemas peruanos
_91040
650 _aEnsayos Latinoamericanos
_927589
650 _aSiglo XX
_98
700 _aValcarcel, Alberto
_923519
700 _aNoire, Ada la
_927590
942 _2ddc
_cLIBROS
945 _awnts